Statistics for Country and Capital Neighbour Connect with Jumps and Disappearing World Map: Northernmost

Click here to take the quiz!

General Stats

  • This quiz has been taken 531 times
  • The average score is 266 of 392

Answers on the Map

Answers color-coded by a green-red scale on the quiz's map according to % correct below.
 

Answer Stats

HintHintCountry/Capital% Correct
401.757Norway
100%
43752Finland
98%
414.360.5Sweden
97%
43752Helsinki
92%
57752Russia
92%
401.757Oslo
91%
414.360.5Stockholm
91%
34143Iceland
89%
34143Reykjavík
89%
14366Canada
88%
151182Mexico
88%
151182Mexico City
88%
14366Ottawa
88%
153129United States
88%
153129Washington D.C.
88%
180.9203.6Belize
86%
180.9203.6Belmopan
86%
180.4215El Salvador
86%
177.4210Guatemala
86%
177.4210Guatemala City
86%
184.5210.7Honduras
86%
184.5210.7Tegucigalpa
86%
180.4215San Salvador
85%
425.5124Albania
82%
39386.9Amsterdam
82%
460.3130.6Ankara
82%
480.5125Armenia
82%
430129Athens
82%
414.2100.9Austria
82%
487.6125Azerbaijan
82%
487.6125Baku
82%
443.481.2Belarus
82%
39191Belgium
82%
427.6113Belgrade
82%
40489.9Berlin
82%
398.4103.5Bern
82%
421113Bosnia and Herzegovina
82%
42398Bratislava
82%
39191Brussels
82%
436.7107.1Bucharest
82%
437.8117.9Bulgaria
82%
444.4102Chișinău
82%
401.573.5Copenhagen
82%
418108Croatia
82%
41493.8Czech Republic
82%
401.573.5Denmark
82%
36382.5Dublin
82%
43964.8Estonia
82%
479120Georgia
82%
40489.9Germany
82%
430129Greece
82%
424.4103.1Hungary
82%
36382.5Ireland
82%
450.696Kiev
82%
427.5118.5Kosovo
82%
43870.6Latvia
82%
434.376.3Lithuania
82%
413106.5Ljubljana
82%
37786London
82%
394.394.2Luxembourg
82%
394.394.2Luxembourg (cap)
82%
429.5121.7Macedonia
82%
443.481.2Minsk
82%
444.4102Moldova
82%
423.7117.8Montenegro
82%
57752Moscow
82%
39386.9Netherlands
82%
386105Paris
82%
423.7117.8Podgorica
82%
423.687.1Poland
82%
41493.8Prague
82%
427.5118.5Pristina
82%
43870.6Riga
82%
436.7107.1Romania
82%
421113Sarajevo
82%
427.6113Serbia
82%
429.5121.7Skopje
82%
42398Slovakia
82%
413106.5Slovenia
82%
437.8117.9Sofia
82%
43964.8Tallinn
82%
479120Tbilisi
82%
425.5124Tirana
82%
460.3130.6Turkey
82%
450.696Ukraine
82%
37786United Kingdom
82%
414.2100.9Vienna
82%
434.376.3Vilnius
82%
423.687.1Warsaw
82%
480.5125Yerevan
82%
418108Zagreb
82%
424.4103.1Budapest
81%
533100Astana
79%
548122Bishkek
79%
386105France
79%
533100Kazakhstan
79%
402103.1Liechtenstein
79%
398.4103.5Switzerland
79%
402103.1Vaduz
79%
513130.6Ashgabat
78%
615140.9Beijing
78%
615140.9China
78%
416.4124.2Italy
78%
528149.2Kabul
78%
548122Kyrgyzstan
78%
372127.5Madrid
78%
614.2104.1Mongolia
78%
665.7127North Korea
78%
665.7127Pyongyang
78%
408.5113.9San Marino
78%
408.5113.9San Marino (cap)
78%
669139Seoul
78%
669139South Korea
78%
525122.5Tashkent
78%
501.3152.5Tehran
78%
513130.6Turkmenistan
78%
614.2104.1Ulaanbaatar
78%
525122.5Uzbekistan
78%
397.2114.5Monaco
77%
397.2114.5Monaco (cap)
77%
416.4124.2Rome
77%
408.5120.7Vatican City
77%
408.5120.7Vatican City (cap)
77%
528149.2Afghanistan
76%
462.3158.9Amman
76%
384118.7Andorra
76%
384118.7Andorra la Vella
76%
478.8149.9Baghdad
76%
461.7146.8Beirut
76%
467143Damascus
76%
545.2133.5Dushanbe
76%
501.3152.5Iran
76%
478.8149.9Iraq
76%
535.7164.2Islamabad
76%
459157Israel
76%
459157Jerusalem
76%
462.3158.9Jordan
76%
461.7146.8Lebanon
76%
361.7127.6Lisbon
76%
361.7127.6Portugal
76%
482.1179.9Riyadh
76%
372127.5Spain
76%
467143Syria
76%
545.2133.5Tajikistan
76%
384.2167.2Algiers
75%
495.7176.2Doha
75%
693.3140Japan
75%
487162.9Kuwait
75%
487162.9Kuwait City
75%
495.7176.2Qatar
75%
482.1179.9Saudi Arabia
75%
693.3140Tokyo
75%
401148Tunis
75%
401148Tunisia
75%
384.2167.2Algeria
74%
466.3209.2Asmara
74%
447171.3Cairo
74%
422.6209.4Chad
74%
447171.3Egypt
74%
466.3209.2Eritrea
74%
448.5209.5Khartoum
74%
419.3172.9Libya
74%
377202.2Mali
74%
354195.5Mauritania
74%
366153.5Morocco
74%
403.3203.9Niger
74%
354195.5Nouakchott
74%
366153.5Rabat
74%
448.5209.5Sudan
74%
419.3172.9Tripoli
74%
470234.2Addis Ababa
73%
377202.2Bamako
73%
476.4221.6Djibouti
73%
476.4221.6Djibouti (cap)
73%
470234.2Ethiopia
73%
422.6209.4N'Djamena
73%
403.3203.9Niamey
73%
344216Banjul
72%
584.1169.4Bhutan
72%
427.6239Central African Republic
72%
455.3143.7Cyprus
72%
347212Dakar
72%
344216Gambia
72%
556185.9India
72%
569.8166.5Kathmandu
72%
412.9141.1Malta
72%
569.8166.5Nepal
72%
556185.9New Delhi
72%
455.3143.7Nicosia
72%
535.7164.2Pakistan
72%
347212Senegal
72%
449.6239.5South Sudan
72%
584.1169.4Thimphu
72%
412.9141.1Valletta
72%
209180.9Bahamas
71%
494.3174Bahrain
71%
494.3174Manama
71%
209180.9Nassau
71%
502182.5Abu Dhabi
70%
583181.8Bangladesh
70%
583181.8Dhaka
70%
624.3219.9Hanoi
70%
610.3194.9Laos
70%
509.33187.2Muscat
70%
597188.5Myanmar
70%
597188.5Naypyidaw
70%
509.33187.2Oman
70%
488.3208.2Sana'a
70%
652.9182.1Taipei
70%
652.9182.1Taiwan
70%
502182.5United Arab Emirates
70%
488.3208.2Yemen
70%
608207.9Bangkok
69%
616219.1Cambodia
69%
206190.2Cuba
69%
221197Dominican Republic
69%
218196Haiti
69%
206190.2Havana
69%
616219.1Phnom Penh
69%
218196Port-au-Prince
69%
221197Santo Domingo
69%
608207.9Thailand
69%
610.3194.9Vientiane
69%
624.3219.9Vietnam
69%
206200.2Jamaica
68%
206200.2Kingston
68%
239.4203.4Basseterre
67%
239.4203.4Saint Kitts and Nevis
67%
241.4204Antigua and Barbuda
66%
241.4204Saint John's
66%
326.7206.9Cape Verde
65%
242.4209.5Dominica
65%
326.7206.9Praia
65%
242.4209.5Roseau
65%
657220.6Manila
64%
657220.6Philippines
64%
216.3247.5Bogotá
63%
266294Brazil
63%
232235Caracas
63%
243.2214.6Castries
63%
192228Costa Rica
63%
248242Georgetown
63%
248242Guyana
63%
188.2218.1Managua
63%
188.2218.1Nicaragua
63%
198232.5Panama
63%
198232.5Panama City
63%
254.4248.1Paramaribo
63%
243.2214.6Saint Lucia
63%
192228San José
63%
254.4248.1Suriname
63%
232235Venezuela
63%
246.5217Barbados
62%
236319Bolivia
62%
266294Brasília
62%
246.5217Bridgetown
62%
216.3247.5Colombia
62%
204265.5Ecuador
62%
242.7216.8Kingstown
62%
236319La Paz
62%
208292Lima
62%
208292Peru
62%
204265.5Quito
62%
242.7216.8Saint Vincent and the Grenadines
62%
248.9339.7Asunción
61%
234373Buenos Aires
61%
248.9339.7Paraguay
61%
254.9370.2Uruguay
61%
234373Argentina
60%
218384Chile
60%
218384Santiago
60%
377219Burkina Faso
59%
254.9370.2Montevideo
59%
377219Ouagadougou
59%
398230.8Abuja
58%
378.2234.5Ghana
58%
398230.8Nigeria
58%
385.7225Benin
57%
347.7220.3Bissau
57%
353.3224.2Conakry
57%
368235.9Cote d'Ivoire
57%
354232.9Freetown
57%
353.3224.2Guinea
57%
347.7220.3Guinea-Bissau
57%
359.2239.6Liberia
57%
359.2239.6Monrovia
57%
385.7225Porto-Novo
57%
354232.9Sierra Leone
57%
383232.4Togo
57%
368235.9Yamoussoukro
57%
760.6232.2Majuro
55%
760.6232.2Marshall Islands
55%
242.5226.6Port-of-Spain
55%
562235.3Sri Jayawardenepura Kotte
55%
562235.3Sri Lanka
55%
242.5226.6Trinidad and Tobago
55%
241.6220.6Grenada
54%
241.6220.6Saint George's
54%
407247Cameroon
53%
717.7235.2Federated States of Micronesia
53%
680.5241.3Ngerulmud
53%
680.5241.3Palau
53%
717.7235.2Palikir
53%
407247Yaoundé
53%
378.2234.5Accra
52%
420301.2Angola
52%
427.6239Bangui
52%
416.9260.5Brazzaville
52%
447.8272.6Bujumbura
52%
447.8272.6Burundi
52%
433267.2Democratic Republic of the Congo
52%
459.1282.5Dodoma
52%
404255.8Equatorial Guinea
52%
406.5264Gabon
52%
449.6239.5Juba
52%
453.1256.6Kampala
52%
465.8259.9Kenya
52%
447.8267.7Kigali
52%
433267.2Kinshasa
52%
406.5264Libreville
52%
456307Lilongwe
52%
383232.4Lomé
52%
420301.2Luanda
52%
404255.8Malabo
52%
456307Malawi
52%
488230Mogadishu
52%
465.8259.9Nairobi
52%
416.9260.5Republic of the Congo
52%
447.8267.7Rwanda
52%
488230Somalia
52%
459.1282.5Tanzania
52%
453.1256.6Uganda
52%
438310Zambia
52%
435336.1Botswana
51%
435336.1Gaborone
51%
447325Harare
51%
444360.5Lesotho
51%
438310Lusaka
51%
467309.5Maputo
51%
444360.5Maseru
51%
451.3350.1Mbabane
51%
467309.5Mozambique
51%
418328Namibia
51%
431365Pretoria
51%
431365South Africa
51%
451.3350.1Swaziland
51%
418328Windhoek
51%
447325Zimbabwe
51%
638.6246.1Bandar Seri Begawan
49%
638.6246.1Brunei
49%
635.5264Indonesia
49%
635.5264Jakarta
49%
610.3247.2Kuala Lumpur
49%
610.3247.2Malaysia
49%
545.9248.9Maldives
49%
545.9248.9Malé
49%
703.7282.4Papua New Guinea
49%
703.7282.4Port Moresby
49%
21272Kiribati
48%
21272South Tarawa
48%
395.5260.6São Tomé
47%
395.5260.6São Tomé and Príncipe
47%
756.2263.4Nauru
46%
505.5277Seychelles
46%
614.2256.7Singapore
46%
614.2256.7Singapore (cap)
46%
505.5277Victoria
46%
756.2263.4Yaren
46%
479.4301.4Comoros
45%
742.1295Honiara
45%
479.4301.4Moroni
45%
742.1295Solomon Islands
45%
486324.3Antananarivo
44%
802.8307.7Apia
44%
683342Australia
44%
683342Canberra
44%
664.3290.8Dili
44%
664.3290.8East Timor
44%
804.5282.8Funafuti
44%
486324.3Madagascar
44%
776.7391.9New Zealand
44%
802.8307.7Samoa
44%
804.5282.8Tuvalu
44%
776.7391.9Wellington
44%
510.1329.1Mauritius
43%
798.1328.7Nukuʻalofa
43%
510.1329.1Port Louis
43%
755.5318.6Port Vila
43%
755.5318.6Vanuatu
43%
782.9320.1Fiji
42%
782.9320.1Suva
42%
798.1328.7Tonga
42%

Score Distribution

Percentile by Number Answered

Percent of People with Each Score

Your Score History

You have not taken this quiz